Geography click quiz #1 - Statistics

General Stats
  • This quiz has been taken 40 times
  • The average score is 34 of 45
Answer Stats
Question Tile Select % Correct
Countries that are landblocked Tunisia No
100%
Countries outside Europe or Asia Afghanistan No
97%
Countries that are over 100.000 km^2 Armenia No
97%
Countries outside Europe or Asia Armenia No
97%
Countries outside Europe or Asia Belgium No
97%
Countries that are landblocked Bolivia Yes
97%
Countries outside Europe or Asia Bolivia Yes
97%
Countries outside Europe or Asia Bosnia And Herzegovina No
97%
Countries that are over 100.000 km^2 Democratic Republic Of The Congo Yes
97%
Countries that are over 100.000 km^2 Kazakhstan Yes
97%
Countries outside Europe or Asia Kazakhstan No
97%
Countries outside Europe or Asia Laos No
97%
Countries that are over 100.000 km^2 Belgium No
94%
Countries that are over 100.000 km^2 Bosnia And Herzegovina No
94%
Countries outside Europe or Asia Democratic Republic Of The Congo Yes
94%
countries whose capital has over 1 million inhabitants Democratic Republic Of The Congo Yes
94%
Countries that are landblocked Laos Yes
94%
Countries outside Europe or Asia Tunisia Yes
94%
Countries that are landblocked Afghanistan Yes
92%
Countries that are landblocked Belgium No
92%
Countries that are landblocked Kazakhstan Yes
92%
countries with a HDI over 0.75 Afghanistan No
89%
countries with a HDI over 0.75 Belgium Yes
89%
countries whose capital has over 1 million inhabitants Bosnia And Herzegovina No
89%
Countries that are over 100.000 km^2 Afghanistan Yes
86%
Countries that are landblocked Bosnia And Herzegovina No
86%
Countries that are over 100.000 km^2 Bolivia Yes
83%
countries whose capital has over 1 million inhabitants Afghanistan Yes
81%
countries with a HDI over 0.75 Laos No
78%
countries with a HDI over 0.75 Bolivia No
75%
Countries that are landblocked Democratic Republic Of The Congo No
75%
countries with a HDI over 0.75 Democratic Republic Of The Congo No
75%
Countries that are landblocked Armenia Yes
67%
countries whose capital has over 1 million inhabitants Laos No
61%
countries with a HDI over 0.75 Bosnia And Herzegovina Yes
56%
countries whose capital has over 1 million inhabitants Tunisia Yes
53%
countries with a HDI over 0.75 Tunisia No
50%
countries with a HDI over 0.75 Armenia Yes
47%
countries whose capital has over 1 million inhabitants Bolivia No
39%
countries whose capital has over 1 million inhabitants Kazakhstan Yes
33%
countries whose capital has over 1 million inhabitants Belgium No
28%
countries with a HDI over 0.75 Kazakhstan Yes
28%
Countries that are over 100.000 km^2 Laos Yes
28%
countries whose capital has over 1 million inhabitants Armenia Yes
19%
Countries that are over 100.000 km^2 Tunisia Yes
14%
No matching quizzes found
Score Distribution
Percent of People with Each Score
Percentile by Number Answered
Your Score History
You have not taken this quiz